<?xml version="1.0" encoding="UTF-8"?>
<record
    xmlns:xsi="http://www.w3.org/2001/XMLSchema-instance"
    xsi:schemaLocation="http://www.loc.gov/MARC21/slim http://www.loc.gov/standards/marcxml/schema/MARC21slim.xsd"
    xmlns="http://www.loc.gov/MARC21/slim">

  <leader>01329    a2200349   4500</leader>
  <controlfield tag="001">37769</controlfield>
  <controlfield tag="005">20260407155644.0</controlfield>
  <controlfield tag="008">260407a2015    arg                 spa d</controlfield>
  <controlfield tag="003">AR-UNSa-BCEJYS</controlfield>
  <datafield tag="040" ind1=" " ind2=" ">
    <subfield code="a">AR-UNSa-BCEJYS</subfield>
    <subfield code="b">spa</subfield>
    <subfield code="c">AR-UNSa-BCEJYS</subfield>
  </datafield>
  <datafield tag="080" ind1=" " ind2=" ">
    <subfield code="a">347.1/7(094.4)</subfield>
    <subfield code="x">C&#xF3;digo Civil y Comercial</subfield>
  </datafield>
  <datafield tag="245" ind1="1" ind2="0">
    <subfield code="a">C&#xF3;digo Civil y Comercial de la Naci&#xF3;n</subfield>
    <subfield code="p">aspectos relevantes para contadores</subfield>
  </datafield>
  <datafield tag="020" ind1=" " ind2=" ">
    <subfield code="a">978-987-01-1902-9</subfield>
  </datafield>
  <datafield tag="264" ind1=" " ind2="1">
    <subfield code="a">Buenos Aires :</subfield>
    <subfield code="b">Errepar</subfield>
    <subfield code="c">2015</subfield>
  </datafield>
  <datafield tag="300" ind1=" " ind2=" ">
    <subfield code="a">237 p.</subfield>
    <subfield code="c">21 cm.</subfield>
  </datafield>
  <datafield tag="505" ind1=" " ind2=" ">
    <subfield code="a">1. Parte General - 2. Relaciones de Familia - 3. Derechos personales - 4. Derechos Reales - 5. Transmisi&#xF3;n de Derechos por Causa de muerte - 6. Disposiciones comunes a los derechos personales y reales</subfield>
  </datafield>
  <datafield tag="041" ind1=" " ind2=" ">
    <subfield code="a">spa</subfield>
  </datafield>
  <datafield tag="942" ind1=" " ind2=" ">
    <subfield code="c">BK</subfield>
  </datafield>
  <datafield tag="590" ind1=" " ind2=" ">
    <subfield code="a">niveau_biblio:m niveau_hierar:0</subfield>
  </datafield>
  <datafield tag="100" ind1="1" ind2=" ">
    <subfield code="a">Caranta, Mart&#xED;n R.</subfield>
  </datafield>
  <datafield tag="700" ind1="1" ind2=" ">
    <subfield code="a">Favier Dubois, Eduardo Mario (h)</subfield>
  </datafield>
  <datafield tag="700" ind1="1" ind2=" ">
    <subfield code="a">Coronello, Silvina E.</subfield>
  </datafield>
  <datafield tag="700" ind1="1" ind2=" ">
    <subfield code="a">Perciavalle, Marcelo L.</subfield>
  </datafield>
  <datafield tag="700" ind1="1" ind2=" ">
    <subfield code="a">Folco, Carlos Maria</subfield>
  </datafield>
  <datafield tag="700" ind1="1" ind2=" ">
    <subfield code="a">Volman, Mario</subfield>
  </datafield>
  <datafield tag="700" ind1="1" ind2=" ">
    <subfield code="a">Mart&#xED;n, Juli&#xE1;n A.</subfield>
  </datafield>
  <datafield tag="700" ind1="1" ind2=" ">
    <subfield code="a">Vidal Quera, Gast&#xF3;n F.</subfield>
  </datafield>
  <datafield tag="700" ind1="1" ind2=" ">
    <subfield code="a">Garc&#xED;a, Fernando D.</subfield>
  </datafield>
  <datafield tag="700" ind1="1" ind2=" ">
    <subfield code="a">Papa, Rodolfo G.</subfield>
  </datafield>
  <datafield tag="700" ind1="1" ind2=" ">
    <subfield code="a">Casal, Armando Miguel</subfield>
  </datafield>
  <datafield tag="856" ind1="4" ind2="1">
    <subfield code="u">https://biblioeco.unsa.edu.ar/pmb/images/libros/codCivilComercial.jpg</subfield>
    <subfield code="y">Imagen de portada</subfield>
    <subfield code="q">image/jpeg</subfield>
  </datafield>
  <datafield tag="999" ind1=" " ind2=" ">
    <subfield code="c">2788</subfield>
    <subfield code="d">2788</subfield>
  </datafield>
  <datafield tag="952" ind1=" " ind2=" ">
    <subfield code="0">0</subfield>
    <subfield code="1">0</subfield>
    <subfield code="4">0</subfield>
    <subfield code="7">0</subfield>
    <subfield code="a">BCEJYS</subfield>
    <subfield code="b">BCEJYS</subfield>
    <subfield code="c">16</subfield>
    <subfield code="d">2026-04-07</subfield>
    <subfield code="l">0</subfield>
    <subfield code="o">347.1/7(094.4) C669</subfield>
    <subfield code="p">L125391</subfield>
    <subfield code="r">2026-04-07 15:56:44</subfield>
    <subfield code="w">2026-04-07</subfield>
    <subfield code="y">L</subfield>
  </datafield>
</record>
